000
00307nam a2200133Ia 4500
008
260604s9999 xx 000 0 und d
020
_a
9780143476245
082
_a
158.1 CHA
100
_a
Debashis chatterjee
_9
35945
245
0
_a
1 Minute Wisdom
260
_b
Pengiun Books
500
_a
Life
942
_c
BK
999
_c
8786
_d
8786